<The> Role and Participation of Slovak Small Entrepreneurs in the Single Market
Identifikácia úlohy a účasti slovenských malých podnikateľov na európskom jednotnom trhu. V rámci výskumu uskutočnená analýza odpovedí 130 vybraných malých podnikov, s cieľom získať odpovede na implementáciu princípov charty na slovenskom trhu.
Salvato in:
| Autore principale: | |
|---|---|
| Altri autori: | |
| Natura: | Capitolo di libro |
| Lingua: | inglese |
| Soggetti: | |
| Tags: |
Nessun Tag, puoi essere il primo ad aggiungerne!!
|
MARC
| LEADER | 00000nla a2200000 4500 | ||
|---|---|---|---|
| 001 | 0245596 | ||
| 005 | 20240502083655.2 | ||
| 041 | 0 | |a eng | |
| 044 | |a CZ | ||
| 245 | 1 | 0 | |a <The> Role and Participation of Slovak Small Entrepreneurs in the Single Market |
| 520 | |a Identifikácia úlohy a účasti slovenských malých podnikateľov na európskom jednotnom trhu. V rámci výskumu uskutočnená analýza odpovedí 130 vybraných malých podnikov, s cieľom získať odpovede na implementáciu princípov charty na slovenskom trhu. | ||
| 610 | 2 | 0 | |a projekty medzinárodné |
| 610 | 2 | 0 | |a podnik malý |
| 610 | 2 | 0 | |a podnik stredný |
| 610 | 2 | 0 | |a Európska únia |
| 610 | 2 | 0 | |a prostredie podnikateľské |
| 610 | 2 | 0 | |a podnikanie malé |
| 610 | 2 | 0 | |a podnikanie medzinárodné |
| 610 | 2 | 0 | |a trh jednotný |
| 100 | 1 | |a Strážovská, Helena | |
| 700 | 1 | |a Veszprémi Sirotková, Anna, 1966- | |